000 01230nam a22002297a 4500
008 120912t xxu||||| |||| 00| 0 eng d
020 _a9-7819-0762-4278
082 _218 ed.
_a346.032
_bMAR
100 _aMardell, Julie
_96615
245 _aPersonal injury and clinical negligence litigation 2011 /
_c Julie Mardell and Kate Serfozo
260 _aGuildford :
_bCollege of law publishing
_c2011
300 _axxviii. ; 415 p. :
_c30 cm.
500 _aIncludes Index
650 _2Personal injuries -- Great Britain -- Periodicals
650 _2 Medical personnel -- Malpractice -- Great Britain -- Periodicals
650 _2Personal injury and clinical negligence litigation
700 _a Kate Serfozo
_96616
942 _2ddc
_cBK
999 _c5169
_d5169